00414nam a2200121Ia 4500001000800000005001700008008004100025020001800066245007700084260002200161999002100183952008800204125920020260417140307.0260417s9999 xx 000 0 und d a9789754739602 0aHz. Fatıma - Peygamberimiz'in İzinde 40 Sahabi/15cHatice Uluışık bBeyan Yayınları c1259200d1259200 00104070a1112b1112d2026-04-17l0p1112118r2026-04-17 14:03:07w2026-04-17yBK